000 00727nam a22001817a 4500
003 NUST
005 20260119164257.0
082 _a621.382,BIL
100 _aBilal, Arsal
_9132835
245 _aDesign fabrication and characterization of front-end receiver for 5 GHZ WLAN applications /
_cArsal Bilal, Waleed Ullah, Imran Haider and Nadeem Hamayun (BETE-51)
260 _aRawalpindi
_bMCS (NUST)
_cJuly, 2018
300 _axiii,28 p.;
505 _aIntroduction (Page-1), Radio Frequency Theory (Page-4), Design Process (Page-7), Simulated Results (Page-23), Conclusion (Page-26).
650 _aUG Project
_9131132
651 _aBETE-51
_9132836
700 _aSupervised by Dr. Farooq Ahmed Bhatti.
_9132495
942 _2ddc
_cPR
999 _c615863
_d615863